000 00594nam a2200181Ia 4500
008 100920s9999 xx 000 0 und d
082 _b101757
_a24 न 08
100 _aधीर भोला संजय.
245 _aविविध खेळ आणि नियम.
260 _bसाकेत,औांगाबाद.
_c2008
300 _a208
_bसाधी
365 _b150
520 _aसायो.
630 _aविविध खेळ आणि नियम.
650 _aसायो.
730 _aविविध खेळ आणि नियम.
942 _cBOOK
999 _c742190
_d742187